[Event "Olimpiada Dresden 2008 Femenina"]
[Site "Dresden GER"]
[Date "2008.11.21"]
[Round "8.20"]
[White "Cramling, Pia"]
[Black "Hagesaether, Ellen"]
[Result "1-0"]
[WhiteElo "2550"]
[BlackElo "2239"]
[PlyCount "121"]
[EventDate "2008.11.13"]
[EventType "team-tourn"]
[EventRounds "11"]
[EventCountry "GER"]
[Source "lmi"]
[SourceDate "2008.11.13"]
[WhiteTeam "Suecia"]
[BlackTeam "Noruega"]
[WhiteTeamCountry "SWE"]
[BlackTeamCountry "NOR"]

1. d4 Nf6 2. Nf3 g6 3. c4 Bg7 4. Nc3 O-O 5. e4 d6 6. Be2 e5 7. d5 h6 8. Nd2 a5
9. g4 c6 10. h4 Ne8 11. Nf1 cxd5 12. cxd5 Kh7 13. Be3 Nd7 14. h5 g5 15. Ng3 Nc5
16. O-O Bd7 17. Bb5 Bf6 18. Rc1 Be7 19. Qe2 Rc8 20. b3 Ng7 21. Nb1 Rc7 22. Na3
b6 23. Rfd1 Qc8 24. f3 Qb8 25. Bxd7 Rxd7 26. Qb5 Rb7 27. Rc2 Rc8 28. Rdc1 Ne8
29. Nf5 Nc7 30. Qe2 N7a6 31. Nc4 Nb4 32. Rc3 Qc7 33. a3 Nba6 34. Nb2 Ra8 35.
Qb5 Qd8 36. b4 axb4 37. axb4 Nd7 38. Rc6 Nc7 39. Qc4 b5 40. Qc3 Na6 41. Nd3 Nb6
42. Rxb6 Rxb6 43. Nxe7 Rb7 44. Nc6 Qd7 45. Rc2 Rc7 46. Nc1 Rcc8 47. Nb3 f5 48.
exf5 Qf7 49. Rd2 Kg7 50. Nba5 Nc7 51. Qd3 Kf8 52. Rd1 Re8 53. Bb6 Na6 54. Qxb5
e4 55. Qe2 exf3 56. Qxf3 Nb8 57. Nd4 Nd7 58. Ne6+ Kg8 59. Bd4 Rec8 60. f6 Ne5
61. Qf5 1-0

[Event "Olimpiada Dresden 2008 Femenina"]
[Site "Dresden GER"]
[Date "2008.11.21"]
[Round "8.20"]
[White "Sahl, Sheila Barth"]
[Black "Tetenkina, Irina"]
[Result "0-1"]
[WhiteElo "2219"]
[BlackElo "2243"]
[PlyCount "100"]
[EventDate "2008.11.13"]
[EventType "team-tourn"]
[EventRounds "11"]
[EventCountry "GER"]
[Source "lmi"]
[SourceDate "2008.11.13"]
[WhiteTeam "Noruega"]
[BlackTeam "Suecia"]
[WhiteTeamCountry "NOR"]
[BlackTeamCountry "SWE"]

1. e4 e6 2. d4 d5 3. Nc3 dxe4 4. Nxe4 Nd7 5. Nf3 Ngf6 6. Bd3 c5 7. Be3 Nxe4 8.
Bxe4 Nf6 9. Bd3 Qc7 10. Qe2 cxd4 11. Bxd4 Bc5 12. O-O-O Bxd4 13. Nxd4 Bd7 14.
Kb1 O-O 15. h4 Nd5 16. Be4 Bc6 17. Nxc6 bxc6 18. c4 Nf6 19. Rh3 Rab8 20. Bc2 c5
21. g4 Rfd8 22. g5 Ne8 23. Rhd3 Rxd3 24. Qxd3 g6 25. b3 a5 26. h5 Qe5 27. hxg6
hxg6 28. f4 Qxf4 29. Rf1 Qxg5 30. Qd7 Nf6 31. Qa7 Rf8 32. Qxa5 Kg7 33. Qc3 Rd8
34. a4 e5 35. Qf3 Rd6 36. Re1 Qg4 37. Qe3 e4 38. Qxc5 Qg3 39. Qe3 Qe5 40. Rh1
Kf8 41. Qh6+ Ke7 42. Re1 Re6 43. Qe3 Qa5 44. Rd1 Ng4 45. Qd4 e3 46. Qd7+ Kf8
47. Rf1 Nf6 48. Qc8+ Re8 49. Qh3 e2 50. Qh8+ Ng8 0-1

[Event "Olimpiada Dresden 2008 Femenina"]
[Site "Dresden GER"]
[Date "2008.11.21"]
[Round "8.20"]
[White "Jorgensen, Line Jin"]
[Black "Pavlovskaia, Evgenia"]
[Result "0-1"]
[WhiteElo "1946"]
[BlackElo "2197"]
[PlyCount "72"]
[EventDate "2008.11.13"]
[EventType "team-tourn"]
[EventRounds "11"]
[EventCountry "GER"]
[Source "lmi"]
[SourceDate "2008.11.13"]
[WhiteTeam "Noruega"]
[BlackTeam "Suecia"]
[WhiteTeamCountry "NOR"]
[BlackTeamCountry "SWE"]

1. c4 e5 2. Nc3 Nf6 3. d3 c6 4. Nf3 d6 5. Bg5 Be7 6. e3 Nbd7 7. d4 O-O 8. Bd3
Ne8 9. Bxe7 Qxe7 10. Qc2 g6 11. O-O-O f5 12. dxe5 dxe5 13. Be2 Ndf6 14. h3 a6
15. Na4 Nd6 16. Nb6 Rb8 17. Rhf1 Nde4 18. Qb3 Kh8 19. h4 Ng4 20. Ng5 Ngxf2 21.
Nxe4 Nxe4 22. Bd3 Be6 23. Bxe4 fxe4 24. Qc3 Bf5 25. h5 Bg4 26. Rde1 gxh5 27.
Rf4 Rbe8 28. c5 Qg7 29. Rxe4 Bf5 30. Rh4 Bg4 31. Nc4 Qe7 32. Rhh1 Qxc5 33. b4
Qd5 34. e4 Qe6 35. Ne3 Rf2 36. Nxg4 Qxg4 0-1

[Event "Olimpiada Dresden 2008 Femenina"]
[Site "Dresden GER"]
[Date "2008.11.21"]
[Round "8.21"]
[White "Medic, Mirjana"]
[Black "Ostry, Irina"]
[Result "1/2-1/2"]
[WhiteElo "2281"]
[BlackElo "2183"]
[PlyCount "94"]
[EventDate "2008.11.13"]
[EventType "team-tourn"]
[EventRounds "11"]
[EventCountry "GER"]
[Source "lmi"]
[SourceDate "2008.11.13"]
[WhiteTeam "Croacia"]
[BlackTeam "Kyrgyzstan"]
[WhiteTeamCountry "CRO"]
[BlackTeamCountry "KGZ"]

1. d4 Nf6 2. c4 e6 3. Nc3 Bb4 4. Qc2 O-O 5. a3 Bxc3+ 6. Qxc3 b6 7. Bg5 Bb7 8.
f3 d6 9. e3 Nbd7 10. Bd3 c5 11. Ne2 h6 12. Bh4 d5 13. Qb3 Rc8 14. Rc1 Bc6 15.
cxd5 Bxd5 16. Qa4 cxd4 17. Rxc8 Qxc8 18. exd4 a5 19. O-O Qb7 20. Nc3 Bc6 21.
Qd1 b5 22. b4 axb4 23. axb4 Ra8 24. Qc2 Qb6 25. Bf2 Nd5 26. Nxd5 Bxd5 27. Rc1
f5 28. h4 Nf6 29. Qc5 Qxc5 30. bxc5 b4 31. c6 Rc8 32. c7 Bb7 33. Bg3 Nd5 34.
Bd6 Kf7 35. Kf2 b3 36. Rc5 b2 37. Ke1 Ba6 38. Bb1 Ke8 39. Be5 Kd7 40. Kd2 Nxc7
41. Kc2 g5 42. hxg5 hxg5 43. Kxb2 Nd5 44. Ra5 Bb7 45. Ra7 Kc6 46. Ba2 Ra8 47.
Bxd5+ Kxd5 1/2-1/2

[Event "Olimpiada Dresden 2008 Femenina"]
[Site "Dresden GER"]
[Date "2008.11.21"]
[Round "8.21"]
[White "Lim, Greta"]
[Black "Jelica, Mara"]
[Result "0-1"]
[WhiteElo "2072"]
[BlackElo "2205"]
[PlyCount "138"]
[EventDate "2008.11.13"]
[EventType "team-tourn"]
[EventRounds "11"]
[EventCountry "GER"]
[Source "lmi"]
[SourceDate "2008.11.13"]
[WhiteTeam "Kyrgyzstan"]
[BlackTeam "Croacia"]
[WhiteTeamCountry "KGZ"]
[BlackTeamCountry "CRO"]

1. Nf3 Nf6 2. c4 c5 3. d4 cxd4 4. Nxd4 g6 5. Nc3 Bg7 6. e4 d6 7. Be2 O-O 8. O-O
Nc6 9. Nc2 Bd7 10. Be3 Qa5 11. h3 Rfc8 12. Nd4 Ne5 13. Qb3 Bc6 14. f4 Ned7 15.
Nxc6 bxc6 16. Qc2 Rab8 17. a3 Qc7 18. Rab1 c5 19. g4 Nb6 20. g5 Nfd7 21. Nb5
Qb7 22. Bf3 a6 23. e5 d5 24. Nc3 e6 25. cxd5 Nxd5 26. Nxd5 exd5 27. Rfd1 Qb3
28. Qxb3 Rxb3 29. Bg4 Rxe3 30. Bxd7 Rb8 31. Rxd5 Bf8 32. Kf2 Rxa3 33. e6 Rab3
34. exf7+ Kxf7 35. Rd2 R8b4 36. Re2 Rxf4+ 37. Kg2 Rb6 38. Rd1 Be7 39. Bg4 Rd6
40. Rxd6 Bxd6 41. Be6+ Kg7 42. b3 Be7 43. Re5 Bd6 44. Rd5 Be7 45. Rd7 Kf8 46.
Ra7 Bxg5 47. Rxh7 Be7 48. Rh8+ Kg7 49. Ra8 Bh4 50. Rxa6 Rf2+ 51. Kg1 Rd2 52.
Bc4 Bf2+ 53. Kf1 Bd4 54. Ra7+ Kf6 55. Rf7+ Kg5 56. Rf3 Kh4 57. Be6 Kg5 58. Bf7
Rh2 59. Be8 Be5 60. Bf7 Kh6 61. Re3 Bf6 62. Be8 g5 63. Bd7 Kg6 64. Re2 Rh1+ 65.
Kg2 Rd1 66. Kf3 Rxd7 67. Re3 Rd4 68. Kg3 Kf5 69. Rc3 Ke5 0-1

[Event "Olimpiada Dresden 2008 Femenina"]
[Site "Dresden GER"]
[Date "2008.11.21"]
[Round "8.22"]
[White "Sukandar, Irine Kharisma"]
[Black "Zimina, Olga"]
[Result "1-0"]
[WhiteElo "2303"]
[BlackElo "2368"]
[PlyCount "95"]
[EventDate "2008.11.13"]
[EventType "team-tourn"]
[EventRounds "11"]
[EventCountry "GER"]
[Source "lmi"]
[SourceDate "2008.11.13"]
[WhiteTeam "Indonesia"]
[BlackTeam "Italia"]
[WhiteTeamCountry "INA"]
[BlackTeamCountry "ITA"]

1. e4 e5 2. Nf3 Nc6 3. Bb5 a6 4. Ba4 Nf6 5. O-O b5 6. Bb3 Bc5 7. d3 O-O 8. h3
Bb7 9. Bg5 h6 10. Bh4 Re8 11. c3 Bf8 12. Nbd2 Na5 13. Bc2 d5 14. Qe2 c5 15.
exd5 g5 16. Bg3 Nxd5 17. d4 cxd4 18. cxd4 Nb4 19. Be4 exd4 20. a3 d3 21. Qd1
Bxe4 22. axb4 Bxb4 23. Nxe4 Rxe4 24. Ne5 d2 25. Qf3 Qd5 26. Ng4 Be7 27. Rxa5
Rd8 28. Raa1 a5 29. Nxh6+ Kh7 30. Nf5 Bf6 31. Nd6 Rd4 32. Qxf6 d1=Q 33. Raxd1
Rxd1 34. Rxd1 Qxd1+ 35. Kh2 Rg8 36. Qf5+ Rg6 37. Nxf7 Qb3 38. Ne5 Qe6 39. Qxg6+
Qxg6 40. Nxg6 Kxg6 41. Bc7 a4 42. Ba5 Kf5 43. Kg3 Ke4 44. Bc3 Kd3 45. Bf6 Kc2
46. Kg4 b4 47. Kxg5 b3 48. h4 1-0

[Event "Olimpiada Dresden 2008 Femenina"]
[Site "Dresden GER"]
[Date "2008.11.21"]
[Round "8.22"]
[White "Dewi, Aa Citra"]
[Black "Brunello, Marina"]
[Result "0-1"]
[WhiteElo "1802"]
[BlackElo "2117"]
[PlyCount "108"]
[EventDate "2008.11.13"]
[EventType "team-tourn"]
[EventRounds "11"]
[EventCountry "GER"]
[Source "lmi"]
[SourceDate "2008.11.13"]
[WhiteTeam "Indonesia"]
[BlackTeam "Italia"]
[WhiteTeamCountry "INA"]
[BlackTeamCountry "ITA"]

1. e4 e5 2. Nf3 Nc6 3. Bb5 f5 4. d3 fxe4 5. dxe4 Nf6 6. O-O d6 7. Re1 Be7 8. a3
O-O 9. Bc4+ Kh8 10. Ng5 Qe8 11. Nc3 Nd4 12. Ne2 Nxe2+ 13. Qxe2 Bd8 14. h3 h6
15. Nf3 Nh5 16. c3 Bd7 17. Kh2 Nf4 18. Bxf4 Rxf4 19. Rad1 Be7 20. Rd3 Qh5 21.
Ng1 Bg4 22. f3 Bd7 23. g3 Rff8 24. f4 Qxe2+ 25. Nxe2 Bc6 26. Bd5 exf4 27. Nxf4
Kh7 28. Ne6 Rf2+ 29. Kg1 Rxb2 30. Rf1 Bf6 31. Rf2 Rb1+ 32. Kg2 Rc8 33. c4 Bxd5
34. cxd5 Re1 35. Rb3 b6 36. Rc2 Rxe4 37. Rxc7 Rxc7 38. Nxc7 Be5 39. Kf3 Ra4 40.
Ne6 Kg6 41. Nd8 Bd4 42. Nb7 Bc5 43. Nxc5 bxc5 44. Re3 Kf7 45. Rd3 h5 46. Kf2
Re4 47. Kf3 Re5 48. a4 a5 49. Rd2 Kf6 50. Rd3 g6 51. Rd2 Kf5 52. Rd3 Re4 53.
Re3 Rxe3+ 54. Kxe3 Ke5 0-1

[Event "Olimpiada Dresden 2008 Femenina"]
[Site "Dresden GER"]
[Date "2008.11.21"]
[Round "8.23"]
[White "Moser, Eva"]
[Black "Topel, Zehra"]
[Result "1-0"]
[WhiteElo "2376"]
[BlackElo "2214"]
[PlyCount "85"]
[EventDate "2008.11.13"]
[EventType "team-tourn"]
[EventRounds "11"]
[EventCountry "GER"]
[Source "lmi"]
[SourceDate "2008.11.13"]
[WhiteTeam "Austria"]
[BlackTeam "Turquía"]
[WhiteTeamCountry "AUT"]
[BlackTeamCountry "TUR"]

1. d4 Nf6 2. g3 g6 3. Bg2 d5 4. c4 dxc4 5. Nf3 Bg7 6. Na3 c3 7. bxc3 O-O 8. O-O
c5 9. e3 Nc6 10. Qe2 Qa5 11. Bb2 Bg4 12. h3 Bxf3 13. Bxf3 Nd7 14. Bg2 Nb6 15.
Rac1 Na4 16. Ba1 Nb6 17. Qb2 Rfd8 18. Qb3 e6 19. Nc4 Nxc4 20. Qxc4 Rac8 21. Qb3
Qc7 22. Rb1 Na5 23. Qb5 b6 24. Rfd1 cxd4 25. cxd4 Qc2 26. Qa6 Rc7 27. Bb2 Rdc8
28. Rdc1 Qa4 29. Qxc8+ Rxc8 30. Rxc8+ Bf8 31. Rbc1 Qxa2 32. R1c2 b5 33. d5 Qb1+
34. Kh2 Nc4 35. R2xc4 Qxb2 36. dxe6 fxe6 37. Rf4 a5 38. Rcxf8+ Kg7 39. R8f7+
Kg8 40. Rf8+ Kg7 41. R8f7+ Kg8 42. Rb7 b4 43. Rc4 1-0

[Event "Olimpiada Dresden 2008 Femenina"]
[Site "Dresden GER"]
[Date "2008.11.21"]
[Round "8.24"]
[White "Herrera, Milena"]
[Black "Hejazipour, Mitra"]
[Result "1-0"]
[WhiteElo "2070"]
[BlackElo "2139"]
[PlyCount "69"]
[EventDate "2008.11.13"]
[EventType "team-tourn"]
[EventRounds "11"]
[EventCountry "GER"]
[Source "lmi"]
[SourceDate "2008.11.13"]
[WhiteTeam "Colombia"]
[BlackTeam "Irán"]
[WhiteTeamCountry "COL"]
[BlackTeamCountry "IRI"]

1. e4 e5 2. Nc3 Nf6 3. f4 d5 4. fxe5 Nxe4 5. Nf3 Be7 6. Qe2 Nxc3 7. dxc3 c5 8.
Bf4 Be6 9. O-O-O Nd7 10. h4 h6 11. g3 Qa5 12. Kb1 d4 13. c4 Qa6 14. b3 Nb6 15.
Nd2 O-O-O 16. Ne4 Kb8 17. Rh2 Ka8 18. Bh3 Bxh3 19. Rxh3 Nd5 20. Bd2 f5 21. exf6
Nxf6 22. Ng5 Rhe8 23. Ne6 Bd6 24. Re1 Rc8 25. g4 Kb8 26. g5 hxg5 27. hxg5 Nd7
28. Rh4 Be5 29. Nxg7 Bxg7 30. Qxe8 Ne5 31. Rxe5 d3 32. cxd3 Qd6 33. d4 cxd4 34.
Bf4 d3 35. Re6 1-0

[Event "Olimpiada Dresden 2008 Femenina"]
[Site "Dresden GER"]
[Date "2008.11.21"]
[Round "8.25"]
[White "Dauletova, Gulmira"]
[Black "Pares Vives, Natalia"]
[Result "1/2-1/2"]
[WhiteElo "2253"]
[BlackElo "2299"]
[PlyCount "110"]
[EventDate "2008.11.13"]
[EventType "team-tourn"]
[EventRounds "11"]
[EventCountry "GER"]
[Source "lmi"]
[SourceDate "2008.11.13"]
[WhiteTeam "Kazajstán"]
[BlackTeam "España"]
[WhiteTeamCountry "KAZ"]
[BlackTeamCountry "ESP"]

1. e4 e6 2. Nf3 d5 3. Nc3 Nf6 4. exd5 exd5 5. d4 Be7 6. Bf4 O-O 7. Be2 Bg4 8.
O-O Nbd7 9. h3 Bh5 10. Ne5 Bxe2 11. Qxe2 c6 12. Rad1 Re8 13. Qf3 Nf8 14. Rfe1
Ne6 15. Bc1 Bd6 16. Qd3 Qc7 17. Ng4 Nxg4 18. hxg4 Re7 19. Ne2 Rae8 20. Be3 h6
21. g3 Ng5 22. Kg2 Ne4 23. Bf4 Qd7 24. Qf3 Bxf4 25. Nxf4 Ng5 26. Rxe7 Rxe7 27.
Qa3 Re8 28. Qxa7 Qxg4 29. Rd3 Qf5 30. Qa5 Qe4+ 31. f3 Nxf3 32. Rxf3 g5 33. g4
gxf4 34. Qd2 Re6 35. Qxf4 Qxc2+ 36. Kg3 Qg6 37. Qf5 Qxf5 38. gxf5 Re4 39. Rb3
Rxd4 40. Rxb7 Kg7 41. Rc7 Rd2 42. Rb7 Kf6 43. a4 Rd3+ 44. Kf2 Kxf5 45. a5 Rd1
46. Rb3 d4 47. a6 d3 48. a7 d2 49. Rf3+ Ke4 50. a8=Q Rf1+ 51. Kg2 Rg1+ 52. Kh2
Rh1+ 53. Kg3 Rg1+ 54. Kf2 Rf1+ 55. Kg2 Rg1+ 1/2-1/2

[Event "Olimpiada Dresden 2008 Femenina"]
[Site "Dresden GER"]
[Date "2008.11.21"]
[Round "8.26"]
[White "Rogule, Laura"]
[Black "Silva, Natalia"]
[Result "1-0"]
[WhiteElo "2260"]
[BlackElo "2029"]
[PlyCount "61"]
[EventDate "2008.11.13"]
[EventType "team-tourn"]
[EventRounds "11"]
[EventCountry "GER"]
[Source "lmi"]
[SourceDate "2008.11.13"]
[WhiteTeam "Letonia"]
[BlackTeam "Uruguay"]
[WhiteTeamCountry "LAT"]
[BlackTeamCountry "URU"]

1. c4 e5 2. Nc3 Nc6 3. g3 f5 4. Bg2 Nf6 5. e3 Bc5 6. Nge2 f4 7. d4 exd4 8. exd4
Bb4 9. Bxf4 d6 10. O-O O-O 11. Nd5 Ba5 12. Bg5 Ne7 13. Bxf6 Rxf6 14. b4 Bxb4
15. Nxb4 c6 16. Nc3 Rb8 17. Re1 Bf5 18. Qe2 Rf7 19. Ne4 h6 20. c5 Nc8 21. Qb2
Qc7 22. Re3 d5 23. Nc3 Ne7 24. Rae1 Rbf8 25. Qe2 Ng6 26. Nd3 Qa5 27. Nxd5 Bxd3
28. Qxd3 Rxf2 29. Qxg6 Rxg2+ 30. Kxg2 Qxa2+ 31. Kh3 1-0

[Event "Olimpiada Dresden 2008 Femenina"]
[Site "Dresden GER"]
[Date "2008.11.21"]
[Round "8.27"]
[White "Perena, Catherine"]
[Black "Perez, Eneida"]
[Result "0-1"]
[WhiteElo "2210"]
[BlackElo "2097"]
[PlyCount "134"]
[EventDate "2008.11.13"]
[EventType "team-tourn"]
[EventRounds "11"]
[EventCountry "GER"]
[Source "lmi"]
[SourceDate "2008.11.13"]
[WhiteTeam "Filipinas"]
[BlackTeam "República Dominicana"]
[WhiteTeamCountry "PHI"]
[BlackTeamCountry "DOM"]

1. d4 d5 2. c4 e6 3. Nc3 f5 4. Nf3 c6 5. e3 Nf6 6. Bd3 Bd6 7. O-O O-O 8. b3 Ne4
9. Bb2 Nd7 10. Ne2 Qf6 11. Qc2 Qh6 12. Ne5 Ndf6 13. h3 Nh5 14. a4 g6 15. cxd5
exd5 16. Nxc6 Be6 17. Ne5 Rac8 18. Qd1 f4 19. exf4 Nxf4 20. Nxf4 Qxf4 21. Bc1
Qh4 22. f3 Nc3 23. Qe1 Qxd4+ 24. Be3 Qxe5 25. f4 Qg7 26. Bxa7 Rfe8 27. Qf2 Ne4
28. Bxe4 dxe4 29. Rab1 Qe7 30. Rfe1 Bf7 31. Re3 Qc7 32. Bd4 Bxf4 33. Rc3 Qd6
34. Rf1 Rxc3 35. Bxc3 Bh2+ 36. Kh1 Bxb3 37. Qb2 Bc4 38. Qxb7 Qc7 39. Rb1 Qxb7
40. Rxb7 Be5 41. Be1 e3 42. Rb4 Rc8 43. Kg1 Bd4 44. Kh2 e2 45. g3 Rc7 46. a5
Ba7 47. g4 Kf7 48. Kg3 Ke6 49. Kf4 Kd5 50. Rb1 Rf7+ 51. Kg3 Rf1 52. h4 Bd4 53.
Rc1 Be5+ 54. Kg2 Bf4 55. Ra1 Bd2 56. a6 Bxa6 57. Rxa6 Bxe1 58. Ra2 Rf2+ 59. Kg1
Kd4 60. h5 Rf1+ 61. Kg2 Kd3 62. Ra1 Bc3 63. Rxf1 exf1=Q+ 64. Kxf1 Ke3 65. Kg2
Kf4 66. Kh3 g5 67. h6 Ke5 0-1

[Event "Olimpiada Dresden 2008 Femenina"]
[Site "Dresden GER"]
[Date "2008.11.21"]
[Round "8.27"]
[White "De la Cruz, Mercedes"]
[Black "Rivera, Daisy"]
[Result "0-1"]
[WhiteElo "2045"]
[BlackElo "2073"]
[PlyCount "84"]
[EventDate "2008.11.13"]
[EventType "team-tourn"]
[EventRounds "11"]
[EventCountry "GER"]
[Source "lmi"]
[SourceDate "2008.11.13"]
[WhiteTeam "República Dominicana"]
[BlackTeam "Filipinas"]
[WhiteTeamCountry "DOM"]
[BlackTeamCountry "PHI"]

1. e4 c5 2. Nf3 a6 3. d3 b5 4. g3 Bb7 5. Bg2 e6 6. O-O Nc6 7. Nbd2 Rc8 8. c3
Nge7 9. Re1 g6 10. h3 d6 11. Nf1 Bg7 12. Qc2 O-O 13. g4 d5 14. Ng3 Qc7 15. Rf1
a5 16. Bd2 Ba6 17. Rfe1 Rfe8 18. h4 b4 19. h5 Ne5 20. Nxe5 Bxe5 21. Re3 d4 22.
Rf3 bxc3 23. bxc3 c4 24. dxc4 Bxc4 25. cxd4 Bxd4 26. Rc1 Qb6 27. Bc3 Nc6 28.
hxg6 hxg6 29. Qd2 Ba6 30. Nf1 Kg7 31. Qf4 Ne5 32. Rh3 Rh8 33. Rxh8 Rxh8 34. g5
Nd3 35. Qd2 e5 36. Bxd4 Qxd4 37. Rd1 Qc5 38. Qe3 Nf4 39. Bf3 Qe7 40. Ng3 Qxg5
41. Qc5 Rh3 42. Bg2 Rxg3 0-1

[Event "Olimpiada Dresden 2008 Femenina"]
[Site "Dresden GER"]
[Date "2008.11.21"]
[Round "8.27"]
[White "Camacho, Chardine Cheradee"]
[Black "Jose Polanco, Kenia"]
[Result "0-1"]
[WhiteElo "2100"]
[BlackElo "2028"]
[PlyCount "65"]
[EventDate "2008.11.13"]
[EventType "team-tourn"]
[EventRounds "11"]
[EventCountry "GER"]
[Source "lmi"]
[SourceDate "2008.11.13"]
[WhiteTeam "Filipinas"]
[BlackTeam "República Dominicana"]
[WhiteTeamCountry "PHI"]
[BlackTeamCountry "DOM"]

1. e4 d5 2. exd5 Qxd5 3. Nc3 Qa5 4. d4 c6 5. Bd3 Nf6 6. Nge2 Na6 7. O-O Nb4 8.
Ng3 Nxd3 9. Qxd3 g6 10. Bd2 Bg7 11. Rae1 Qc7 12. Qe2 Bg4 13. f3 Be6 14. Be3 b5
15. b3 b4 16. Nce4 Nd5 17. Bf2 Nf4 18. Qd2 a5 19. Nc5 Bc8 20. Nge4 O-O 21. Bg3
e5 22. dxe5 Bxe5 23. Bxf4 Bxf4 24. Nf6+ Kh8 25. Qd4 Qd6 26. Qxd6 Bxd6 27. Nd3
Ba6 28. Re3 Bc7 29. Kh1 Bb6 30. Re4 Rad8 31. Re7 Bxd3 32. cxd3 Rxd3 33. Rd7 0-1

[Event "Olimpiada Dresden 2008 Femenina"]
[Site "Dresden GER"]
[Date "2008.11.21"]
[Round "8.28"]
[White "Dengler, Dijana"]
[Black "Greeff, Melissa"]
[Result "1-0"]
[WhiteElo "2099"]
[BlackElo "1963"]
[PlyCount "134"]
[EventDate "2008.11.13"]
[EventType "team-tourn"]
[EventRounds "11"]
[EventCountry "GER"]
[Source "lmi"]
[SourceDate "2008.11.13"]
[WhiteTeam "Bosnia Herzegovina"]
[BlackTeam "Sudáfrica"]
[WhiteTeamCountry "BIH"]
[BlackTeamCountry "RSA"]

1. e4 c5 2. c3 Nf6 3. e5 Nd5 4. Nf3 Nc6 5. Bc4 Nb6 6. Bb3 e6 7. d4 cxd4 8. cxd4
d6 9. O-O a6 10. Nc3 d5 11. Bc2 Nc4 12. b3 Na3 13. Bd3 b5 14. Bg5 Qa5 15. Rc1
Bd7 16. Nxd5 exd5 17. e6 fxe6 18. Rxc6 Bxc6 19. Ne5 g6 20. Nxc6 Qc7 21. Ne5 Bg7
22. Qg4 Qd6 23. Bf4 Qe7 24. Bxg6+ hxg6 25. Nxg6 Qf7 26. Nxh8 Bxh8 27. Re1 Kd7
28. Be5 Nc2 29. Re2 Rg8 30. Qh3 Nxd4 31. Bxd4 Bxd4 32. Rd2 Qf4 33. Qd3 Be5 34.
g3 Qf6 35. a4 Rb8 36. Ra2 Bd4 37. axb5 Rxb5 38. h4 Ra5 39. Qh7+ Kd6 40. Rc2 Qg7
41. Qd3 Qe5 42. Re2 Qg7 43. Kg2 e5 44. Qd2 Rb5 45. Qa2 Qb7 46. Qa3+ Bc5 47. Qc1
d4+ 48. f3 Rxb3 49. Qh6+ Kd5 50. Qh8 Bd6 51. Rc2 Rc3 52. Qg8+ Kc5 53. Rf2 Qb3
54. Qc8+ Kb6 55. Qd8+ Bc7 56. Qf6+ Ka7 57. h5 Rc2 58. h6 Rxf2+ 59. Kxf2 Qc2+
60. Kg1 d3 61. Qf5 Qc1+ 62. Kg2 d2 63. h7 d1=Q 64. h8=Q Qg1+ 65. Kh3 Qh1+ 66.
Kg4 Qxh8 67. Qe4 Qg7+ 1-0

[Event "Olimpiada Dresden 2008 Femenina"]
[Site "Dresden GER"]
[Date "2008.11.21"]
[Round "8.28"]
[White "Ellappen, Jenine"]
[Black "Dedijer, Sanja"]
[Result "0-1"]
[WhiteElo "1917"]
[BlackElo "2049"]
[PlyCount "92"]
[EventDate "2008.11.13"]
[EventType "team-tourn"]
[EventRounds "11"]
[EventCountry "GER"]
[Source "lmi"]
[SourceDate "2008.11.13"]
[WhiteTeam "Sudáfrica"]
[BlackTeam "Bosnia Herzegovina"]
[WhiteTeamCountry "RSA"]
[BlackTeamCountry "BIH"]

1. e4 e6 2. d4 d5 3. Nd2 dxe4 4. Nxe4 Bd7 5. Nf3 Bc6 6. Bd3 Nd7 7. O-O Ngf6 8.
Ng3 Be7 9. b3 O-O 10. Bb2 a5 11. c4 a4 12. Qe2 axb3 13. axb3 b6 14. Ng5 Rxa1
15. Rxa1 Bb7 16. h3 Re8 17. Qc2 Nf8 18. N5e4 Nxe4 19. Nxe4 Ng6 20. Ng3 Bf6 21.
Rd1 Qa8 22. Be4 Bxe4 23. Nxe4 Be7 24. Nc3 Rd8 25. Ra1 Qb7 26. Qe4 Qxe4 27. Nxe4
f5 28. Nd2 Bf6 29. Nf3 c5 30. Ra6 cxd4 31. Rxb6 e5 32. Bc1 e4 33. Ne1 d3 34.
Bd2 f4 35. Re6 Be5 36. h4 Kf7 37. Ra6 e3 38. fxe3 fxe3 39. Bxe3 Bd4 40. Nf3
Bxe3+ 41. Kf1 d2 42. Nxd2 Rxd2 43. b4 Nxh4 44. c5 Rf2+ 45. Ke1 Nxg2+ 46. Kd1
Rd2+ 0-1

[Event "Olimpiada Dresden 2008 Femenina"]
[Site "Dresden GER"]
[Date "2008.11.21"]
[Round "8.29"]
[White "Steinbacher, Claudia"]
[Black "Rautanen, Sari"]
[Result "1-0"]
[WhiteElo "2203"]
[BlackElo "1981"]
[PlyCount "195"]
[EventDate "2008.11.13"]
[EventType "team-tourn"]
[EventRounds "11"]
[EventCountry "GER"]
[Source "lmi"]
[SourceDate "2008.11.13"]
[WhiteTeam "Alemania"]
[BlackTeam "Finlandia"]
[WhiteTeamCountry "GER"]
[BlackTeamCountry "FIN"]

1. d4 d6 2. c4 e5 3. Nc3 Nd7 4. Nf3 Ngf6 5. g3 Be7 6. Bg2 O-O 7. O-O c6 8. b3
Re8 9. Qc2 Bf8 10. dxe5 dxe5 11. Rd1 Qc7 12. e3 a5 13. Bb2 Nc5 14. h3 Bd7 15.
e4 Rad8 16. Rd2 Bc8 17. Rad1 Rxd2 18. Rxd2 g6 19. Ne1 Bh6 20. Rd1 Rd8 21. Nd3
Nxd3 22. Rxd3 Rxd3 23. Qxd3 Nd7 24. Na4 Bf8 25. Qc3 b6 26. Qe3 Nc5 27. Nxc5
Bxc5 28. Qg5 Bd4 29. Ba3 c5 30. Qf6 Be6 31. Bc1 Kf8 32. Qh8+ Ke7 33. Qxh7 Kd7
34. h4 Kc8 35. h5 gxh5 36. Qxh5 Qd7 37. Qe2 Bg4 38. Bf3 Be6 39. Bg5 Kb7 40. Bh5
Ka7 41. Qf3 a4 42. Qf6 axb3 43. axb3 b5 44. Be2 bxc4 45. bxc4 Qb7 46. Qe7 Qxe7
47. Bxe7 Kb6 48. Bd8+ Kc6 49. Kg2 Kd7 50. Bg5 Ke8 51. f4 exf4 52. gxf4 f6 53.
Bh4 Kd7 54. Be1 Kd6 55. Kg3 Bf7 56. Kg4 Ke6 57. Bd1 Kd6 58. Bb3 Ke6 59. Ba4 Kd6
60. Bb5 Bg6 61. f5 Bf7 62. Bg3+ Be5 63. Be1 Bd4 64. Ba5 Ke5 65. Bc6 Kd6 66. Bd5
Be8 67. Bd8 Kd7 68. Bb6 Kd6 69. Kf4 Bh5 70. Ba5 Be5+ 71. Ke3 Bd4+ 72. Kd3 Be8
73. Be1 Ba4 74. Bg3+ Be5 75. Bf2 Bb2 76. Be1 Be5 77. Bd2 Bb2 78. Bh6 Bd4 79.
Bf8+ Ke5 80. Be7 Be8 81. Ke2 Bh5+ 82. Kf1 Be8 83. Kg2 Bh5 84. Kg3 Be8 85. Kg4
Bc3 86. Bxc5 Bd4 87. Be7 Bb6 88. c5 Bc7 89. Kf3 Kd4 90. Bxf6+ Kxc5 91. Kg4 Ba5
92. Be7+ Kd4 93. Ba3 Bc3 94. Bc1 Ke5 95. Kg5 Kd6 96. f6 Ke5 97. Bf4+ Kd4 98.
Kf5 1-0

[Event "Olimpiada Dresden 2008 Femenina"]
[Site "Dresden GER"]
[Date "2008.11.21"]
[Round "8.29"]
[White "Puuska, Heini"]
[Black "Beltz, Franziska"]
[Result "0-1"]
[WhiteElo "2002"]
[BlackElo "2109"]
[PlyCount "78"]
[EventDate "2008.11.13"]
[EventType "team-tourn"]
[EventRounds "11"]
[EventCountry "GER"]
[Source "lmi"]
[SourceDate "2008.11.13"]
[WhiteTeam "Finlandia"]
[BlackTeam "Alemania"]
[WhiteTeamCountry "FIN"]
[BlackTeamCountry "GER"]

1. d4 Nf6 2. Nc3 d5 3. Bg5 e6 4. e4 dxe4 5. Nxe4 Be7 6. Bxf6 Bxf6 7. c3 Nd7 8.
Bd3 Be7 9. Nf3 b6 10. Ne5 Nxe5 11. dxe5 Bb7 12. Qa4+ Qd7 13. Qxd7+ Kxd7 14.
O-O-O Rad8 15. Ba6+ Kc8 16. Bxb7+ Kxb7 17. f4 Kc6 18. Kc2 h6 19. g4 Bc5 20.
Nxc5 Kxc5 21. b3 g5 22. f5 exf5 23. gxf5 Rd5 24. b4+ Kc6 25. Rxd5 Kxd5 26. Rd1+
Kxe5 27. Rd7 f6 28. Rxc7 Kxf5 29. Rxa7 Re8 30. Kd3 Kf4 31. Rf7 f5 32. Rf6 Re3+
33. Kd2 Rh3 34. Rxb6 Rxh2+ 35. Kd3 g4 36. a4 g3 37. Rg6 g2 38. Kd4 Kf3 39. a5
Rh4+ 0-1